000
00319nam a2200133 a 4500
005
20140414093845.0
008
090925s19uu xx 00 eng d
050
_a
VCD 791.43
_b
BRI 19--
100
_a
Csupo, Gabor
245
_a
Bridge to Terabithia.
650
_a
Motion pictures.
942
_c
AVM
999
_c
109521
_d
109521